banner koha

Produção de biomassa de erva-cidreira [Lippia alba (Mill.) N.E.Br.] sob adubação com composto de capim elefante inoculado e sem inoculação de actinomicetos (Registro n. 298937)

MARC details
000 -LÍDER
fixed length control field 04551nab a2200313 i 4500
003 - CÓDIGO MARC DA AGÊNCIA CATALOGADORA
Campo de controle BR-BrBNA
005 - DATA E HORA DA ÚLTIMA ATUALIZAÇÃO
Campo de controle 20240326135101.0
008 - CAMPO DE TAMANHO FIXO
fixed length control field 240326b2012 bl.qr|pooa||| 00| 0 por |
040 ## - FONTE DA CATALOGAÇÃO
Agência catalogadora BR-BrBNA
Idioma da catalogação por
072 ## - CATEGORIA AGRIS
Código AGRIS F04
072 ## - CATEGORIA AGRIS
Código AGRIS F01
100 ## - ENTRADA PRINCIPAL - NOME PESSOAL
Nome pessoal Gama, E.V.G.
100 ## - ENTRADA PRINCIPAL - NOME PESSOAL
Nome pessoal Garrido, M.S.
100 ## - ENTRADA PRINCIPAL - NOME PESSOAL
Nome pessoal Silva, F.
100 ## - ENTRADA PRINCIPAL - NOME PESSOAL
Nome pessoal Soares, A.C.F.
100 ## - ENTRADA PRINCIPAL - NOME PESSOAL
Nome pessoal Marques, C.T.S.
245 ## - TÍTULO PRINCIPAL
Título principal Produção de biomassa de erva-cidreira [Lippia alba (Mill.) N.E.Br.] sob adubação com composto de capim elefante inoculado e sem inoculação de actinomicetos
500 ## - NOTA GERAL
Nota geral Publicação on-line; 40 ref.; 2 tables; Summaries (En, Pt)
942 ## - ADDED ENTRY ELEMENTS (KOHA)
Koha item type
520 ## - NOTA DE RESUMO
Nota de conteúdo <br/><br/>RESUMO: <br/><br/>A erva-cidreira [Lippia alba (Mill.) N. E. Br.] é uma espécie da família Verbenaceae<br/>amplamente utilizada pela população brasileira, devido às propriedades calmante, espasmolítica<br/>suave, analgésica, sedativa, ansiolítica e levemente expectorante. Para implantação do experimento<br/>foi produzido composto orgânico de capim elefante + esterco, na proporção de 70% de material<br/>vegetal e 30% de esterco, sem inoculação e inoculados com os isolados de actinomicetos do<br/>gênero Streptomyces: AC16; AC26; AC92 e AC103. Os compostos foram acondicionados em<br/>sacos de polietileno contendo 10,0 kg de solo adicionados na proporção equivalente a 20 t ha-1 e<br/>foram reaplicados logo após a primeira colheita. As colheitas da parte aérea foram realizadas aos<br/>75 e 165 dias após o transplante. As raízes foram colhidas logo após a segunda colheita. Os<br/>tratatamentos com adubação orgânica promoveram aumento médio na produção de biomassa da<br/>erva-cidreira de 184, 83, 125, 115 e 122% para biomassa seca da parte aérea (MSPA) na primeira<br/>colheita, de MSPA na segunda colheita, biomassa seca total da parte aérea (MSTPA), biomassa<br/>seca de raiz (MSR) e biomassa seca total da cultura (MST), respectivamente, quando comparados<br/>com o tratamento controle, porém não houve efeito da inoculação de actinomicetos no composto<br/>orgânico. Nas condições em que este estudo foi realizado foi possível concluir que a adubação<br/>com composto orgânico de capim elefante influenciou positivamente a produção de biomassa<br/>seca da L. alba, mas a inoculação dos compostos com actinomicetos não exerceu influência.<br/><br/>Palavras-chave: plantas medicinais, compostagem, Streptomyces
520 ## - NOTA DE RESUMO
Nota de conteúdo <br/><br/>ABSTRACT: <br/><br/>Biomass production of Lippia alba (Mill.) N.E.Br. under fertilization with<br/>compost inoculated elephant grass and without inoculation of actinomycetes. L. alba is a<br/>species of the family Verbenaceae widely used by the Brazilian population, because of the soothing,<br/>gentle antispasmodic, analgesic, expectorant, sedative, anxiolytic and smoothly. For the<br/>implementation of the experiment produced organic compound of elephant grass (Pennisetum<br/>purpureum Shum.) + manure at 70% plant material and 30% manure, uninoculated and inoculated<br/>with the actinomycete Streptomyces genus, AC16, AC26, AC92 and AC103. The compounds<br/>were placed in polyethylene bags containing 10.0 kg of soil added in a proportion equivalent to 20<br/>t ha-1 and re-apply after the first harvest. The harvests of the shoots were taken at 75 and 165 days<br/>after transplantation. The roots were harvested after the second harvest. Dealing with organic<br/>fertilization promoted the average increase in biomass production of lemon grass 184, 83, 125,<br/>115 and 122% for the dry stem biomass (MSPA) in the first harvest, second harvest of MSPA,<br/>total shoot biomass (MSTPA), dry biomass of the root (MSR) and the total crop biomass (MST),<br/>respectively, compared with the control, but no effect of inoculation of actinomycetes in compost.<br/>Under the conditions of this study was conducted, it was concluded that the organic compound<br/>fertilizer with elephant grass positively influenced the production of dry biomass of L. alba, but the<br/>injection of the compounds of the actinomycetes, without influence.<br/><br/>Key words: medicinal plants, composting, Streptomyces
650 ## - ASSUNTO - THESAGRO
Cabeçalho tópico ou nome geográfico PLANTA MEDICINAL
650 ## - ASSUNTO - THESAGRO
Cabeçalho tópico ou nome geográfico COMPOSTAGEM
650 ## - ASSUNTO - THESAGRO
Cabeçalho tópico ou nome geográfico ERVA CIDREIRA
650 ## - ASSUNTO - THESAGRO
Cabeçalho tópico ou nome geográfico LIPPIA ALBA
773 0# - ENTRADA ANALÍTICA
Host Biblionumber 3543
Registro do item 313993
Imprenta Botucatu-SP Instituto de Biociências - Departamento de Química e Bioquímica 1998
Outro identificador 2024-0261
Título Revista Brasileira de Plantas Medicinais (Brazil)
ISSN 1516-0572
Colação v. 14(special number) p. 163-168; (2012)
Número de controle de registro BR2024000399
856 ## - ACESSO E ENDEREÇO ELETRÔNICO
Identificador uniforme de recurso - URI https://www.scielo.br/j/rbpm/a/z76KMH6x75WLySyXCCp4PTC/?format=pdf&lang=pt

Nenhum exemplar disponível.

BINAGRI

Telefone: (61)3218-2567/2388/3357/2097 - binagri@agro.gov.br

Ministério da Agricultura e Pecuária , Esplanada dos Ministérios, Bloco D, Anexo B, Brasília/DF, CEP: 70.043-900